| 000 | 00763nam a2200193 a 4500 | ||
|---|---|---|---|
| 001 | 000027108 | ||
| 005 | 20240302073953.0 | ||
| 008 | 110329s2003 dr a 000 p spa d | ||
| 020 | _a9993499005 | ||
| 040 |
_aDO-SdBNP _bspa _cBNPHU |
||
| 082 |
_axxx _bB142d |
||
| 100 | 1 |
_aBaéz Ureña, José Enrique, _d1962- _924588 |
|
| 245 | 1 | 0 |
_aDidáctica del alma : _b(Versos y conversaciones entre mi niño y yo) / _cJosé Enrique Baéz Ureña, José Enrique Báez Jr. ; prólogo Bruno Rosario Candelier ; presentación Higinio Báez. |
| 260 |
_aSanto Domingo : _bBam´s Color, _c2003. |
||
| 300 |
_a63 p. : _bil. ; _c2003. |
||
| 700 | 1 |
_aBáez Jr., José Enrique, _d1996- _954186 |
|
| 700 | 1 |
_aRosario Candelier, Bruno, _d1941- _epról. _9851 |
|
| 700 | 1 |
_aBáez, Higinio _938623 |
|
| 999 |
_c26600 _d26600 |
||